|
|
|
|
| LEADER |
00000nta a2200000 i 4500 |
| 001 |
dolg33891 |
| 005 |
20210617085112.0 |
| 008 |
210617s2004 hu om 000 hun d |
| 040 |
|
|
|a BGE Dolgozattár Repozitórium
|b hun
|
| 041 |
|
|
|a hu
|
| 100 |
1 |
|
|a Czugéber Nóra
|
| 245 |
1 |
3 |
|a Az életbiztosítás marketingje az Aviva Életbiztosító Rt. példáján keresztül
|c Czugéber Nóra
|h [elektronikus dokumentum]
|
| 260 |
|
|
|c 2004
|
| 695 |
|
|
|a Életbiztosítás
|
| 695 |
|
|
|a Biztosításmarketing
|
| 695 |
|
|
|a Életbiztosítás
|
| 700 |
1 |
|
|a Nincs adat Nincs adat
|e ths
|
| 856 |
4 |
0 |
|u http://dolgozattar.uni-bge.hu/33891/1/D_10149.pdf
|z Dokumentum-elérés
|